NBA Finals MVP - Statistics

General Stats
  • This quiz has been taken 14 times
    7 since last reset
  • The average score is 49 of 57
Answer Stats
Hint Answer % Correct
1994 Hakeem Olajuwon
100%
1995 Hakeem Olajuwon
100%
1969 Jerry West
100%
1971 Kareem Abdul-Jabbar
100%
1985 Kareem Abdul-Jabbar
100%
2017 Kevin Durant
100%
2018 Kevin Durant
100%
2009 Kobe Bryant
100%
2010 Kobe Bryant
100%
2012 LeBron James
100%
2013 LeBron James
100%
2016 LeBron James
100%
2020 LeBron James
100%
1980 Magic Johnson
100%
1982 Magic Johnson
100%
1987 Magic Johnson
100%
1991 Michael Jordan
100%
1992 Michael Jordan
100%
1993 Michael Jordan
100%
1996 Michael Jordan
100%
1997 Michael Jordan
100%
1998 Michael Jordan
100%
2023 Nikola Jokic
100%
2025 Shai Gilgeous-Alexander
100%
2000 Shaquille O'Neal
100%
2001 Shaquille O'Neal
100%
2002 Shaquille O'Neal
100%
2022 Stephen Curry
100%
1999 Tim Duncan
100%
2003 Tim Duncan
100%
2005 Tim Duncan
100%
2007 Tony Parker
100%
2004 Chauncey Billups
86%
2011 Dirk Nowitzki
86%
2024 Jaylen Brown
86%
2014 Kawhi Leonard
86%
2019 Kawhi Leonard
86%
1984 Larry Bird
86%
1986 Larry Bird
86%
1983 Moses Malone
86%
2008 Paul Pierce
86%
2015 Andre Iguodala
71%
2006 Dwyane Wade
71%
2021 Giannis Antetokounmpo
71%
1990 Isiah Thomas
71%
1972 Wilt Chamberlain
71%
1977 Bill Walton
57%
1979 Dennis Johnson
57%
1988 James Worthy
57%
1989 Joe Dumars
57%
1978 Wes Unseld
57%
1970 Willis Reed
57%
1973 Willis Reed
57%
1981 Cedric Maxwell
43%
1974 John Havlicek
43%
1975 Rick Barry
43%
1976 JoJo White
29%
No matching quizzes found
Score Distribution
Percent of People with Each Score
Percentile by Number Answered
Your Score History
You have not taken this quiz since the last reset